| 000 | 00766nam a2200217Ia 4500 | ||
|---|---|---|---|
| 003 | GCL | ||
| 008 | 140319s9999 xx 000 0 ara d | ||
| 040 |
_aGCL / _cGCL |
||
| 082 | 0 | 4 |
_a620.1 _bا د |
| 100 | 1 | _aاحمد برحوش | |
| 245 | 1 | 0 |
_aدليل عملى للهندسة والتصميم الميكانيكى / _cاحمد برحوش |
| 700 | 1 | _aابراهيم الناطور | |
| 250 | _aالاولى | ||
| 260 |
_aالقاهرة : _bدار الايمان ، _c2002 |
||
| 300 |
_a299 ص ؛ _c24 سم |
||
| 650 | 0 | 4 | _aالتصميم الهندسى |
| 650 | 0 | 4 | _aالحاسبات الالكترونية - تصميمات هندسية |
| 650 | 0 | 4 | _aالميكانيكا التطبيقية |
| 650 | 0 | 4 | _aالهندسة التطبيقية |
| 942 |
_2ddc _cBK |
||
| 999 |
_c6414 _d6414 |
||